Normal view
MARC view
- MACHINE TOOLS MACHINE SHOP PRACTICE
Entry Topical Term
001 - CONTROL NUMBER
- control field: 66529
003 - CONTROL NUMBER IDENTIFIER
- control field: NUST
005 - DATE AND TIME OF LATEST TRANSACTION
- control field: 20210628203616.0
008 - FIXED-LENGTH DATA ELEMENTS
- fixed length control field: 210628|| aca||aabn | a|a d
040 ## - CATALOGING SOURCE
- Original cataloging agency: NUST
- Transcribing agency: NUST
150 ## - HEADING--TOPICAL TERM
- Topical term or geographic name entry element: MACHINE TOOLS MACHINE SHOP PRACTICE
670 ## - SOURCE DATA FOUND
- Source citation: Work cat.: (NUST): MEYER, R. O , KIBBE, R. R , NEELY, J. E 66528, MACHINE TOOL PRACTICE, 1995
